00707nam a2200217Ia 4500001001000000003000500010008004100015010001100056020002200067040000900089082002200098100002700120245012200147250002200269260002200291300001100313440003900324500006800363650002300431700003500454Para_9839CHAP220125s2012 xx 000 0 und d a208499 a978-968-16-6229-5 cCHAP aPA 808.899282 C66 aConlon-McKenna, Marita aBajo el espino :b Los niños de la hambruna /c Marita Conlon-McKenna; tradución de de Juan Elías Tovar Cross a1a ed., 6 reimpr. aMéxico :b FCE a118 p. aCol. a la horilla del viento ; 148 aTradución de: Under the Howthorn Tree. Children of the Famine aLiteratura juvenil aTovar Cross, Juan Elías, tr.